<?xml version="1.0" encoding="UTF-8"?>
<resp>
  <nextPage>https://data.bn.org.pl/api/networks/bibs.marcxml?marc=001+b00001150000910&amp;sinceId=1150000911</nextPage>
  <collection>
    <record xmlns='http://www.loc.gov/MARC21/slim'><leader>00829namZa2200277ZiZ4500</leader><controlfield tag='001'>b00001150000910</controlfield><controlfield tag='005'>20241203215609.4</controlfield><controlfield tag='008'>230609s        pl           |000 0 pol c</controlfield><controlfield tag='009'>9913262200305606</controlfield><datafield ind1=' ' ind2=' ' tag='020'><subfield code='a'>8385414541</subfield></datafield><datafield ind1=' ' ind2=' ' tag='035'><subfield code='a'>KR_1KR_1_20120317225405051655-48omnis_kr</subfield></datafield><datafield ind1=' ' ind2=' ' tag='035'><subfield code='a'>KR_1_20120317225405051655</subfield><subfield code='9'>ExL</subfield></datafield><datafield ind1=' ' ind2=' ' tag='035'><subfield code='a'>(PL)b00001150000910</subfield></datafield><datafield ind1=' ' ind2=' ' tag='040'><subfield code='a'>KR_1</subfield><subfield code='c'>KR_1</subfield></datafield><datafield ind1='1' ind2=' ' tag='041'><subfield code='a'>pol</subfield><subfield code='h'>eng</subfield></datafield><datafield ind1='0' ind2='0' tag='245'><subfield code='a'>Gry dla samotnych /</subfield><subfield code='c'>[przekł. Zbigniew Nadstoga].</subfield></datafield><datafield ind1=' ' ind2=' ' tag='260'><subfield code='a'>Poznań :</subfield><subfield code='b'>&quot;Atena&quot; :</subfield><subfield code='b'>&quot;Perfekt&quot;,</subfield><subfield code='c'>cop. 1994.</subfield></datafield><datafield ind1=' ' ind2=' ' tag='300'><subfield code='a'>248 s. :</subfield><subfield code='b'>il. ;</subfield><subfield code='c'>12 cm.</subfield></datafield><datafield ind1='1' ind2=' ' tag='490'><subfield code='a'>Mini Encyklopedia</subfield></datafield><datafield ind1=' ' ind2=' ' tag='500'><subfield code='a'>n</subfield></datafield><datafield ind1='1' ind2=' ' tag='700'><subfield code='a'>Nadstoga, Zbigniew</subfield><subfield code='e'>tł</subfield></datafield><datafield ind1=' ' ind2=' ' tag='852'><subfield code='b'>48OMNIS_NETWORK</subfield><subfield code='8'>9913262200305606</subfield></datafield><datafield ind1=' ' ind2=' ' tag='852'><subfield code='b'>48OMNIS_KR</subfield><subfield code='8'>991000009109708216</subfield></datafield><datafield ind1=' ' ind2=' ' tag='920'><subfield code='a'>83-85414-54-1</subfield></datafield></record>
  </collection>
</resp>
